000 01073nam a22003257a 4500
001 BR6700419
003 BR-BrBNA
005 20230928083457.0
007 ta
008 230509b bl.||||| |||| 00| 0 por d
040 _aBR-BrBNA
_bpor
_cBiblioteca Nacional de Agricultura
041 _a(Por)
072 _aL70
_b/G514
090 _ L70 BR6700419
110 1 _aSociedade de Veterinaria do Rio Grande do Sul, Porto Alegre (Brasil)
_99892
111 1 _a5. Conferencia da Sociedade Veterinaria do Rio Grande do Sul; 6. Conferencia da Sociedade Veterinaria do Rio Grande do Sul
_cPorto Alegre, RS (Brazil)
_d1966;1967
245 1 _aAnais da 5. e 6. Conferencias da Sociedade Veterinaria do Rio Grande do Sul [Brasil]
260 3 _aPorto Alegre, RS (Brasil):
_c1967.
300 _a105 p.
500 _aSummary only
650 _aPECUARIA
650 _aVETERINARIA
650 _aDOENCA ANIMAL
650 _aPRAGA DE ANIMAL
650 _aSINTOMA
650 _aPROFILAXIA
650 _aRIO GRANDE DO SUL
909 _a202309
_bLucia
_c55
_dLucia Elande
942 _cBK
999 _c13690
_d13690